El cuidado del enfermo terminal : ética clínica y recomendaciones prácticas para instituciones de salud y servicios de cuidado domiciliarios /
Guardado en:
| Hovedforfatter: | |
|---|---|
| Andre forfattere: | |
| Format: | Bog |
| Sprog: | spansk |
| Udgivet: |
Washington, EUA :
OPS : OMS,
1999, c1999
|
| Serier: | (Publicación Científica ;
573) |
| Fag: | |
| Tags: |
Ingen Tags, Vær først til at tagge denne postø!
|
MARC
| LEADER | 00000nam^a2200000^a^4500 | ||
|---|---|---|---|
| 001 | 000162956 | ||
| 005 | 20250521000000.0 | ||
| 009 | 20260310100850.735 | ||
| 020 | |a 92-75-315-73-6 | ||
| 037 | |a Acervo ITESO - Biblioteca | ||
| 041 | |a ESP | ||
| 082 | |a 610. 7361 |b DRA | ||
| 100 | |a Drane, James F. |e (autor) | ||
| 245 | 1 | 3 | |a El cuidado del enfermo terminal : |b ética clínica y recomendaciones prácticas para instituciones de salud y servicios de cuidado domiciliarios / |c J.F. Drane ; pról. de G.A.O. Alleyne. |
| 264 | 4 | |a Washington, EUA : |b OPS : |b OMS, |c 1999, c1999 | |
| 300 | |a XVI, 172 p. | ||
| 336 | |a texto |b txt |2 rdacontenido | ||
| 337 | |a sin mediación |b n |2 rdamedio | ||
| 338 | |a volumen |b nc |2 rdasoporte | ||
| 440 | 1 | |a (Publicación Científica ; |v 573) | |
| 500 | |a Traducción de: Caring to the End. Policy Suggestions and Ethics Education for Hospice and Home Health | ||
| 649 | |a XX | ||
| 650 | |a Enfermos Terminales - |x Cuidado e Higiene | ||
| 650 | |a Hospitales | ||
| 650 | |a Servicios Médicos y de Salud | ||
| 650 | |a Calidad de Vida | ||
| 650 | |a Relaciones Familiares | ||
| 650 | |a Muerte - |x Aspectos Sociales y Culturales | ||
| 650 | |a Etica Profesional | ||
| 650 | |a Bioética | ||
| 650 | |a Psicología de la Salud | ||
| 650 | |a Psicología | ||
| 650 | |a Enfermería | ||
| 650 | |a Medicina - |x Aspectos Eticos | ||
| 650 | |a Ciencias Médicas | ||
| 700 | |a Alleyne, George A.O. |e (prólogo) | ||
| 910 | |a Fondo General | ||
| 920 | |a Impresos - Libros | ||
| 930 | |a Colección General | ||
| 905 | |a 101 | ||
| 901 | |a 0500096088 |b IT1 |c ACC |u 20250521 | ||
| 902 | |a https://opac.biblio.iteso.mx/vufind/Record/000162956 | ||